000 00673nam a2200205Ia 4500
008 160319s9999 xx 000 0 und d
245 _aShogun Disc 5 /
245 _cParamount Pictures ; produced and written by Eric Bercovici ; directed by Jerry London.
260 _bParamount Pictures.
260 _c2004
300 _a1 videodisc (ca. 110 min.) :
300 _bsound, color ;
300 _c4 3/4 in.
500 _aVideocassette release of the 1980 television series by Paramount Pictures.
650 _aJapan -- History -- Tokugawa period, 1600-1868 --
650 _aSamurai --
650 _aSamurai.
650 _xDrama.
650 _xJapan -- Drama.
999 _c292483
_d292483